000 00630nam a2200217 4500
001 137470
003 ES-MaACL
005 20230906195359.0
007 t|
008 070214s1978 sp r ||||1| spa d
100 1 _aSánchez Bachiller, Rosario.
_9102476
245 1 4 _aLas otras medicinas /
_cRosario Sánchez Bachiller, Félix López Neira.
250 _a1ª. ed.
260 _aMadrid :
_bLyder,
_c1978.
300 _a298 p. :
_bil. ;
_c21 cm.
490 1 _aCol. génesis
700 1 _aLópez Neira, Félix.
_973825
830 0 _aCol. génesis
_9220095
852 _aES-MaACL
_jA-8683
_bR.97904
999 _c137470
_d137470